000 00352 a2200169 4500
001 185055
020 _a85-322-5214-1
040 _cMagnum
100 _aRocha, Ruth
240 1 0 _aA máquina maluca
_lpor
245 1 0 _aA máquina maluca
300 _a32
362 0 _a2004
440 1 _aFTD
697 _aLITERATURA INFANTO-JUVENIL
942 _cBK
999 _c185055
_d185055